00496nam a2200181 a 4500001001300000003000900013005001700022008004100039020002300080082002000103100001800123245004100141260004000182300000900222500003500231505001300266650003500279nice12345678IN_TiNIC20260116014141.0050524s2002 newa grp 000 0 eng  a812501X c52500a324.245408bBRA aBrass, Paul R aCompeting Nationalisms in South Asia aNew Delhi bOrient Blackswan c2002 a297p aincludes index and biblioraphy2 aGlossary aReligious Fundamentalism-Hindu